000 00872nas a2200301 4500
001 BR0602026
003 BR-BrBNA
005 20231205110014.0
007 ta
008 230509b bl.|||p| |||| 00| 00por d
040 _aBR-BrBNA
_bpor
_cBiblioteca Nacional de Agricultura
041 _a(Pt)
072 _aF03
100 1 _aLopes, J.C.
100 1 _aCapucho, M.T.
100 1 _aMartins Filho, S.
100 1 _aRepossi, P.A.
245 1 _aInfluência de temperatura, substrato e luz na germinação de sementes de bertalha
650 _aBERTALHA
650 _aSEMENTE
650 _aTEMPERATURA
650 _aLUZ
650 _aSUBSTRATO DE CULTURA
650 _aGERMINAÇÃO
773 0 _tRevista Brasileira de Sementes (Brazil)
_xISSN 0101-3122
_g(2005), v. 27(2) p. 18-24
_wBR0602026
909 _a202311
_bLúcia
_c55
_dLúcia Elande
942 _2AGRIS
_n0
_cANA
999 _c185775
_d185775